Statistics for guess all of the avengers movies

Click here to take the quiz!

General Stats

  • This quiz has been taken 18 times
  • The average score is 5 of 6

Answer Stats

HintAnswer% Correct
2012Avengers
100%
2018Avengers: Infinity War
100%
2015Avengers: Age of Ultron
93%
2019Avengers: Endgame
93%
2026Avengers: Secret Wars
73%
2025Avengers: The Kang Dynasty
67%

Score Distribution

Percentile by Number Answered

Percent of People with Each Score

Your Score History

You have not taken this quiz